000 00344nam a22001337a 4500
005 20200619155604.0
008 200619b xxu||||| |||| 00| 0 eng d
082 _a345.4 LIC
110 _aALL INDIA REPORTER
_96252
245 _a THELABOUR AND INDUSTRIAL CASES [2014] V- IV (OCT -DEC)
300 _a4624p.
650 _aLAW
_95701
942 _cJRL
999 _c7347
_d7345